El director de coro: gestos y metodología de la dirección

Gardado en:
Detalles Bibliográficos
Autor Principal: Busch, Brian R (Author)
Formato: Libro
Idioma:Lingua castelá
Publicado: Madrid Real Musica 1984
Edición:1a. ed
Subjects:
Tags: Engadir etiqueta
Sen Etiquetas, Sexa o primeiro en etiquetar este rexistro!

MARC

LEADER 00000cam a2200000 a 4500
001 UCE5627
003 CL-VaPUC
008 150123e19840000sp |||||||||||||||||spa|d
020 |a 84 
082 0 4 |a 781.45  |b BUS  |2 21 
100 0 |a Busch, Brian R  |e author  |9 578284 
245 1 3 |a El director de coro: gestos y metodología de la dirección 
250 |a 1a. ed 
300 |a 268 p 
942 |c BK 
945 |d 20150123 15:06:00  |a arojas 
260 |a Madrid  |b Real Musica  |c 1984 
650 7 |a DIRECCION DE COROS  |2 CL-VaPUC  |9 578285 
650 0 |a Coros  |9 341002 
650 0 |a Directores de música  |9 306511 
583 |a last modification  |c 20150123 15:06:00  |k Rodrigo Vera 
999 |c 358282  |d 358280 
952 |0 0  |1 0  |3 erb  |4 0  |6 781_450000000000000_BUS_1984  |7 0  |8 R  |9 466895  |a BIBEDU  |b BIBEDU  |i 5136474  |o 781.45 BUS 1984  |p 5136474  |r 2023-01-12  |w 2019-11-23  |y BK_R  |z Catalogado en:20150123  |k MUS